01361nam a2200229 i 4500001000700000003000900007005001700016008004100033100005400074245026800128260006600396300003500462500012800497594015900625597004200784650003400826650003200860650004300892852005300935999001900988952012401007163741ES-MaACL20251012063056.0931025s1775 sp |||| | spa d1 aRodríguez Campomanes, Pedro, d1723-180399839910aApendice a la educacion popular b: parte primera, que contiene las reflexiones, conducentes à entender el origen de los oficios y artes en España durante el siglo pasado, segun lo demostraron los escritores coetáneos que se reimprimen en este apéndice... aEn Madrid : ben la imprenta de D. Antonio de Sancha, c1775. aLII, [4], 500, [1] p. ; c8º. aEs continuación de "Discurso sobre la educación popular de los artesanos y su fomento, de Pedro Rodríguez Campomanes" aAutor tomado del prólogo de F. Aguilar Piñal al "Discurso sobre la educación popular" de P. Rodríguez Campomanes, en la edición de Madrid, 1978. aSign.: *-3*8, 4*4, A-Z8, 2A-2H8, 2I4. 4aArtesanos-zEspaña.9154569 4aGremios-zEspaña.9156366 4aComercio-zEspaña-yS.XVIII.9154570 aES-MaACLjR-524 z- Enc. pasta x- G-498-502 c163741d163741 001040708LIBXVIIIaATENEOMbATENEOMcDEPOd2008-01-17l0oR-523-27p1171595r2023-02-23 00:00:00w2023-02-23yMONANT